| 000 | 00937nam a2200241Ia 4500 | ||
|---|---|---|---|
| 003 | GCL | ||
| 005 | 20240530104247.0 | ||
| 008 | 140319s1991 ua g 000 0 ara d | ||
| 017 |
_a1991/8621 _bمصر. دار الكتب |
||
| 040 |
_aGCL / _cGCL |
||
| 082 | 0 | 4 |
_a272.29/ _bب أ |
| 100 | 1 | _aبولدوين، جويس | |
| 245 | 1 | 0 |
_aاستير/ _cتاليف جويس بولدوين ؛ نقلة الى العربية بهيج يوسف ؛ المحرر المسئول جوزيف صابر |
| 250 | _aالاولى | ||
| 260 |
_aالقاهرة : _bدار الثقافة العربية ، _c1992 |
||
| 300 |
_a136 ص ؛ _c24 سم |
||
| 490 | 0 |
_aالتفسير الحديث للكتاب المقدس : العهد القديم ؛ _x11 |
|
| 650 | 0 | 7 |
_2qrmak _aالعهد القديم |
| 650 | 0 | 7 |
_2qrmak _aالكتاب المقدس |
| 700 | 0 |
_aبهيج يوسف _eمترجم |
|
| 700 | 0 |
_aجوزيف صابر _eمحرر |
|
| 942 |
_2ddc _cBK |
||
| 999 |
_c45939 _d45939 |
||